| 000 | 00362nam a2200133Ia 4500 | ||
|---|---|---|---|
| 008 | 240624s9999 xx 000 0 und d | ||
| 041 | _aeng | ||
| 082 | _a658.4012 SIM | ||
| 100 | _aSIMONS ROBERT | ||
| 245 | _aSEVEN STRATEGY QUESTIONS A SIMPLE APPROA | ||
| 260 |
_c2010 _aBoston _bHarvard Business Press |
||
| 300 | _avi, : 210 : p. : cm. ; 21 | ||
| 365 |
_cRS _b27 |
||
| 999 |
_c16921 _d16921 |
||